Library Banner

How to make cities more resilient (Record no. 71137)

MARC details
000 -LEADER
fixed length control field 00407nam a2200157Ia 4500
001 - CONTROL NUMBER
control field 66301
008 - FIXED-LENGTH DATA ELEMENTS--GENERAL INFORMATION
fixed length control field 150514s9999 xx 000 0 und d
020 ## - INTERNATIONAL STANDARD BOOK NUMBER
International Standard Book Number 9789211014969
040 ## - CATALOGING SOURCE
Transcribing agency PK-LaUMT
082 ## - DEWEY DECIMAL CLASSIFICATION NUMBER
Classification number 711.4
Item number HOW-
245 ## - TITLE STATEMENT
Title How to make cities more resilient
Remainder of title a handbook for local government leaders
260 ## - PUBLICATION, DISTRIBUTION, ETC. (IMPRINT)
Place of publication, distribution, etc Geneva:
Name of publisher, distributor, etc United Nations,
Date of publication, distribution, etc 2012
300 ## - PHYSICAL DESCRIPTION
Extent 96 p.
546 ## - LANGUAGE NOTE
Language note EN
942 ## - ADDED ENTRY ELEMENTS (KOHA)
Koha item type Books
Holdings
Withdrawn status Lost status Damaged status Not for loan Home library Current library Date acquired Total Checkouts Full call number Barcode Date last seen Date checked out Price effective from Koha item type
        UMT Main Campus UMT Main Campus 2015-05-14 3 711.4 HOW- 91461 2026-02-10 2025-09-12 2015-05-14 Books